| 000 | 00743nab a2200193 4500 | ||
|---|---|---|---|
| 001 | 244442 | ||
| 003 | OSt | ||
| 005 | 20260331082950.0 | ||
| 007 | tu | ||
| 008 | 260331s2020||||||| | ||
| 040 |
_aDE-2950 _cDE-2950 |
||
| 245 | 0 | 0 |
_aHoffnung auf mehr Transparenz _bSeesanierung. Seit fast fünf Jahren sind die Strände am Helenesee für Besucher gesperrt - die Ufersanierung lässt weiter auf sich warten. Ein neu gegründeter Arbeitskreis will die Interessen der Anrainerkommunen und Bürger besser einbringen/ _cFrank Groneberg |
| 264 | _c2026 | ||
| 653 | _aFrankfurt (O) | ||
| 653 | _aHelenesee | ||
| 653 | _aArbeitskreis | ||
| 773 | 0 |
_g37. Jahrgang (2026) Nr. 73 vom 27.03.2026 , S. 15 mit Fotos _tMärkische Oderzeitung |
|
| 942 |
_2z _cA |
||
| 999 |
_c374358 _d374358 |
||